| 000 | 00317cam a22000857a 4500 | ||
|---|---|---|---|
| 008 | 180718b2000 xxu||||| |||| 00| 0 eng d | ||
| 245 |
_aGazetteer of the Bombay presidency (facsimile reproduction ), Thana, vol. xiv _cby Government central Press, Bombay |
||
| 260 |
_aMumbai _bGovernment central press _c2000 |
||
| 300 | _a433p. | ||
| 999 |
_c502851 _d502851 |
||